| 000 | 01365cam a2200313 a 4500 | ||
|---|---|---|---|
| 001 | 15041125 | ||
| 005 | 20080611112715.0 | ||
| 008 | 071011s2008 inua b 001 0 eng | ||
| 010 | _a 2007042606 | ||
| 020 | _a9781587053368 (pbk.) | ||
| 020 | _a1587053365 (pbk.) | ||
| 035 | _a(OCoLC)ocn174138969 | ||
| 035 |
_a(OCoLC)174138969 _z(OCoLC)166386663 |
||
| 040 |
_aDLC _cDLC _dBAKER _dBTCTA _dYDXCP _dC#P _dDLC |
||
| 050 | 0 | 0 |
_aTK5105.543 _b.S38 2008 |
| 082 | 0 | 0 |
_a005.8 _222 _bSCH |
| 100 | 1 |
_aSchudel, Gregg. _93385 |
|
| 245 | 1 | 0 |
_aRouter security strategies : _bSecuring IP network traffic planes / _cGregg Schudel, David J. Smith. |
| 260 |
_aIndianapolis, Ind. : _bCisco Press, _cc2008. |
||
| 300 |
_axxiii, 650 p. : _bill. ; _c23 cm. |
||
| 504 | _aIncludes bibliographical references and index. | ||
| 650 | 0 |
_aRouters (Computer networks) _xSecurity measures. _93386 |
|
| 650 | 0 |
_aComputer networks _xSecurity measures. _93387 |
|
| 650 | 0 |
_aTCP/IP (Computer network protocol) _xSecurity measures. _93388 |
|
| 700 | 1 |
_aSmith, David J., _cCCIE. _93389 |
|
| 942 |
_2ddc _cBB |
||
| 999 |
_c11234 _d11234 |
||